00479 2200181 4500001002100000005001500021035002000036008004100056245005300097100002300150260003700173300001200210020001800222084001800240082000800258650001300266990001800279INLIS00000000000040120240813102137 a0010-0724000401240813 0 ind 1 aSeri Teknologi Sekitar Kita /cTeguh Wahyu Utomo aTomasello, Heather aBandung :bPT. Karya Kita,c2009 a50 hlm. a979-99260-0-9 a004.678 ARI s a004 4aKomputer aP29/CP/24/401